[Event "AUTO-MASTER-1840"]
[Site "http://www.queenalice.com/game.php?id=1163191"]
[Date "2013.3.21"]
[Round "1"]
[White "CCapivara"]
[Black "renzopieroni"]
[Result "0-1"]
[WhiteElo "2070"]
[BlackElo "2074"]

1. e4 c5 2. Nf3 e6 3. Be2 Be7 4. O-O h6 5. Nc3 Nf6 6. d4 cxd4 7. Nxd4 a6 8. Be3
d6 9. f4 O-O 10. g4 e5 11. Nf5 Bxf5 12. gxf5 Kh7 13. fxe5 dxe5 14. Bd3 Nc6 15.
Nd5 Nb4 16. c4 Nxd3 17. Qxd3 Rc8 18. Rad1 Bc5 19. Bxc5 Rxc5 20. b3 b5 21. cxb5
Nxd5 22. exd5 axb5 23. f6+ g6 24. Qe4 Qd6 25. Rd3 Rfc8 26. h4 h5 27. Rf2 Rc1+
28. Kg2 R8c2 29. Rf3 Rxf2+ 30. Rxf2 Rc5 31. Rf5 gxf5 32. Qxf5+ Kg8 33. Qg5+ Kf8
34. Qg7+ Ke8 35. Qg8+ Qf8 36. Qg7 Rxd5 0-1

[Event "AUTO-MASTER-1840"]
[Site "http://www.queenalice.com/game.php?id=1163192"]
[Date "2013.3.21"]
[Round "1"]
[White "renzopieroni"]
[Black "mjKoviak"]
[Result "1-0"]
[WhiteElo "2070"]
[BlackElo "1981"]

1. e4 c5 2. Bc4 Nc6 3. Nf3 e6 4. a3 d5 5. exd5 exd5 6. Be2 Nf6 7. d4 cxd4 8.
Nxd4 Be7 9. Nc3 O-O 10. O-O a6 11. h3 Re8 12. Bf3 b5 13. Nxc6 1-0

[Event "AUTO-MASTER-1840"]
[Site "http://www.queenalice.com/game.php?id=1163193"]
[Date "2013.3.21"]
[Round "1"]
[White "mjKoviak"]
[Black "renzopieroni"]
[Result "1-0"]
[WhiteElo "1944"]
[BlackElo "2105"]

1. d4 d5 2. c4 c6 3. Nf3 Nf6 4. Nc3 e6 5. Bg5 Be7 6. e3 h6 7. Bf4 O-O 8. Bd3 Bd6
9. Be5 Bc7 10. O-O Nbd7 11. Re1 Bxe5 12. dxe5 Ne8 13. cxd5 cxd5 14. e4 dxe4 15.
Bxe4 Qe7 16. Qd4 Nc7 17. Rac1 Nb6 18. b3 Rd8 19. Qe3 Ncd5 20. Bxd5 Nxd5 21. Nxd5
Qf8 22. Nc7 1-0

[Event "AUTO-MASTER-1864"]
[Site "http://www.queenalice.com/game.php?id=1177481"]
[Date "2013.5.2"]
[Round "1"]
[White "Try_Me"]
[Black "renzopieroni"]
[Result "1-0"]
[WhiteElo "2102"]
[BlackElo "2109"]

1. d4 d5 2. c4 c6 3. Nf3 e6 4. Nc3 Nf6 5. Bf4 Be7 6. e3 O-O 7. Qc2 dxc4 8. Bxc4
b5 9. Bd3 h6 10. O-O Nd5 11. Nxd5 cxd5 12. Bxb5 a6 13. Ba4 Bd7 14. Bb3 Nc6 15.
Rac1 Qb6 16. Ne5 Nxe5 17. Bxe5 Rac8 18. Qb1 Bb4 19. Rfd1 Bb5 20. Rxc8 Rxc8 21.
Rc1 Qb7 22. Rxc8+ Qxc8 23. Qc2 Qd7 24. Qc7 Qxc7 25. Bxc7 Kf8 26. Bc2 Ke7 27. Bb6
Kd7 28. a3 Kc6 29. Ba7 Ba5 30. Bc5 g6 31. b4 Bc7 32. g4 Be2 33. h3 Kb5 34. f4
Bd8 35. Kf2 Bc4 36. f5 exf5 37. gxf5 g5 38. Bf8 h5 39. a4+ Kc6 40. e4 Bb6 41.
Ke3 h4 42. Be7 1-0

[Event "AUTO-MASTER-1864"]
[Site "http://www.queenalice.com/game.php?id=1177482"]
[Date "2013.5.2"]
[Round "1"]
[White "renzopieroni"]
[Black "Try_Me"]
[Result "0-1"]
[WhiteElo "2115"]
[BlackElo "2073"]

1. e4 c5 2. Bc4 e6 3. Nf3 a6 4. a3 Qc7 5. O-O b5 6. Be2 Bb7 7. d3 Be7 8. Be3 d6
9. Nbd2 Nf6 10. h3 O-O 11. Nh2 d5 12. exd5 exd5 13. d4 c4 14. c3 Re8 15. Ng4 Ne4
16. Nh2 f5 17. Nhf3 f4 18. Nxe4 dxe4 19. Ne5 fxe3 20. fxe3 Nd7 21. Ng4 Nf6 22.
Nxf6+ Bxf6 23. Bh5 Rf8 24. Qd2 Qg3 25. Rf4 Bg5 26. Rxf8+ Rxf8 27. Re1 Bc8 28.
Kh1 Rf2 0-1

[Event "AUTO-MASTER-1864"]
[Site "http://www.queenalice.com/game.php?id=1177495"]
[Date "2013.5.2"]
[Round "1"]
[White "Artking"]
[Black "renzopieroni"]
[Result "0-1"]
[WhiteElo "1883"]
[BlackElo "2096"]

1. e4 c5 2. Nf3 Nc6 3. d4 cxd4 4. Nxd4 e6 5. Be3 Be7 6. Nc3 Nf6 7. f3 a6 8. Bc4
h6 9. Qd2 Na5 10. Bd3 d6 11. O-O-O Qc7 12. Kb1 Bd7 13. g4 e5 14. Nb3 Nxb3 15.
cxb3 Be6 16. Rc1 Qd7 17. h4 h5 18. g5 Nh7 19. Rce1 g6 20. Nd5 Bxd5 21. exd5 O-O
22. Be4 Rfc8 23. Qd3 Nf8 24. Reg1 Qe8 25. f4 exf4 26. Bxf4 Rc7 27. Rg2 Rac8 28.
Rf1 Rd8 29. Rgf2 Rdd7 30. Be3 Bd8 31. Bb6 Rc8 32. Bxd8 Qxd8 33. Rf6 Qe8 34. Bf5
gxf5 35. Qxf5 Ng6 36. Qd3 Rcc7 37. Qf3 Nxh4 38. Qxh5 Ng6 39. Rh1 Qe4+ 40. Ka1
Kf8 41. Rxg6 Qxg6 42. Qh8+ Qg8 43. Qf6 Qh7 0-1

[Event "AUTO-MASTER-1864"]
[Site "http://www.queenalice.com/game.php?id=1177496"]
[Date "2013.5.2"]
[Round "1"]
[White "renzopieroni"]
[Black "Artking"]
[Result "1-0"]
[WhiteElo "2102"]
[BlackElo "1924"]

1. e4 c5 2. Nf3 a6 3. Be2 d6 4. c4 Nc6 5. d3 Nf6 6. Nc3 e6 7. O-O Be7 8. h3 O-O
9. Be3 Qc7 10. Qd2 b6 11. a3 Bb7 12. Rab1 Nd4 13. Nxd4 cxd4 14. Bxd4 Rad8 15. f4
Rfe8 16. Na4 Nd7 17. Rbc1 Nc5 18. Nxc5 bxc5 19. Bc3 h5 20. Bxh5 d5 21. Ba5 Qd7
22. Bxd8 Qxd8 23. e5 dxc4 24. Rxc4 Qc7 25. Qc2 Qc6 26. Bf3 Qc7 27. Bxb7 Qxb7 28.
f5 Bg5 29. Kh1 Be3 30. b3 Qd5 31. f6 Qxe5 32. Re1 Qg5 33. fxg7 Qg3 34. Qe2 Bf4
35. Rxf4 Qxf4 36. Rf1 Qg5 37. Qf2 Kxg7 38. Qxf7+ 1-0

[Event "AUTO-MASTER-1864"]
[Site "http://www.queenalice.com/game.php?id=1177503"]
[Date "2013.5.2"]
[Round "1"]
[White "Kravchenko"]
[Black "renzopieroni"]
[Result "1-0"]
[WhiteElo "2213"]
[BlackElo "2091"]

1. d4 d5 2. c4 c6 3. Nf3 e6 4. c5 Be7 5. Bf4 Nf6 6. e3 O-O 7. Nc3 b6 8. cxb6
axb6 9. Ne5 Bb7 10. Bd3 Nfd7 11. Qh5 Nf6 12. Qh4 Ne4 13. Qh3 f5 14. Bxe4 dxe4
15. Qh5 Nd7 16. O-O Nxe5 17. Bxe5 Ba6 18. Rfc1 c5 19. dxc5 bxc5 20. Rd1 Bd3 21.
Qh3 Bf6 22. Qg3 Qe7 23. Bd6 Qb7 24. Bxf8 Rxf8 25. Rd2 c4 26. Qd6 Re8 27. Rc1 Kf7
28. Qg3 Ra8 29. Qh3 h6 30. Qh5+ Kg8 31. a3 Rb8 32. Qg6 Qd7 33. g4 Bg5 34. a4 1-0

[Event "AUTO-MASTER-1864"]
[Site "http://www.queenalice.com/game.php?id=1177504"]
[Date "2013.5.2"]
[Round "1"]
[White "renzopieroni"]
[Black "Kravchenko"]
[Result "0-1"]
[WhiteElo "2102"]
[BlackElo "2204"]

1. e4 e5 2. Nf3 Nc6 3. Bb5 a6 4. Ba4 b5 5. Bb3 Bc5 6. d3 d6 7. h3 Na5 8. Qe2 Ne7
9. Nc3 O-O 10. Be3 Bb4 11. O-O Bxc3 12. bxc3 Bd7 13. Nh2 Rb8 14. a3 c5 15. Ba2
h6 16. f4 exf4 17. Bxf4 Be6 18. Bxe6 fxe6 19. Qg4 Rf6 20. Qh5 e5 21. Be3 Rxf1+
22. Rxf1 Qe8 23. Qg4 Qg6 24. Qh4 Nac6 25. Rf3 Kh8 26. Rg3 Qe6 27. Qh5 a5 28. Nf3
Rf8 29. Nh4 Rf6 30. Rf3 Rxf3 31. Nxf3 Qg6 32. Qh4 a4 33. Kh2 Ng8 34. g4 Qf7 0-1

[Event "AUTO-MASTER-1840"]
[Site "http://www.queenalice.com/game.php?id=1192248"]
[Date "2013.6.19"]
[Round "2"]
[White "Pistolero"]
[Black "renzopieroni"]
[Result "0-1"]
[WhiteElo "2132"]
[BlackElo "2102"]

1. e4 c5 2. d4 cxd4 3. c3 dxc3 4. Nxc3 a6 5. Nf3 e6 6. Bc4 Nc6 7. O-O d6 8. Qe2
b5 9. Bb3 Nge7 10. Rd1 Ng6 11. Be3 Be7 12. Rac1 Bb7 13. Nd4 Nxd4 14. Bxd4 O-O
15. f4 Nxf4 16. Qg4 Ng6 17. h4 Bxh4 18. Ne2 Bf6 19. Qg3 Bxd4+ 20. Nxd4 Bxe4 21.
Bxe6 fxe6 22. Nxe6 Qb6+ 0-1

[Event "AUTO-MASTER-1840"]
[Site "http://www.queenalice.com/game.php?id=1192249"]
[Date "2013.6.19"]
[Round "2"]
[White "renzopieroni"]
[Black "Pistolero"]
[Result "0-1"]
[WhiteElo "1967"]
[BlackElo "2120"]

1. e4 c5 2. Nf3 Nc6 3. d4 cxd4 4. Nxd4 Nf6 5. Nc3 e5 6. Ndb5 d6 7. Be2 a6 8. Na3
b5 9. Nab1 Be6 10. a3 d5 11. exd5 Nxd5 12. O-O Be7 13. Nxd5 Bxd5 14. Be3 O-O 15.
Nc3 Be6 16. Qxd8 Rfxd8 17. Bf3 Rac8 18. Bxc6 Rxc6 19. Rfd1 Rxd1+ 20. Rxd1 f5 21.
f4 Bf6 22. fxe5 Bxe5 23. Bd4 Bc7 24. Rd2 Rd6 25. Be3 Rxd2 26. Bxd2 Kf7 27. Ne2
Bc4 28. Nd4 Bb6 29. c3 Kf6 30. Kh1 g5 31. Nc6 Bc7 32. Be3 Bd5 33. Nb4 Bb7 34.
Kg1 h6 35. g3 Ke5 36. Kf2 Ke4 37. Ke2 f4 38. gxf4 gxf4 0-1

[Event "AUTO-MASTER-1840"]
[Site "http://www.queenalice.com/game.php?id=1192250"]
[Date "2013.6.19"]
[Round "2"]
[White "Alligator427"]
[Black "renzopieroni"]
[Result "1-0"]
[WhiteElo "2252"]
[BlackElo "2071"]

1. e4 c5 2. d4 cxd4 3. c3 e5 4. cxd4 exd4 5. Qxd4 Nc6 6. Qa4 Qa5+ 7. Qxa5 Nxa5
8. Nc3 Bb4 9. Bd2 Nc6 10. Nf3 Nge7 11. Bc4 O-O 12. O-O Ba5 13. Nb5 Bb6 14. Rac1
Ng6 15. Bc3 a6 16. Nd6 h6 17. Rfd1 Ba5 18. Nxc8 Bxc3 19. Rxc3 Raxc8 20. Rxd7
Nce5 21. Nxe5 Nxe5 22. Rd4 Rfd8 23. Rxd8+ Rxd8 24. Bd5 Rd7 25. f4 Ng6 26. g3 Ne7
27. Rd3 Kf8 28. Kf2 Nc6 29. a3 Ke7 30. Ke3 Nd8 31. a4 Rd6 32. b4 Rb6 33. Rb3 Kd6
34. Kd4 Ne6+ 35. Kc4 f6 36. Rd3 Ke7 37. h4 Nc7 38. Kc5 Rd6 39. Re3 b6+ 40. Kc4
Kd7 41. b5 1-0

[Event "AUTO-MASTER-1840"]
[Site "http://www.queenalice.com/game.php?id=1192251"]
[Date "2013.6.19"]
[Round "2"]
[White "renzopieroni"]
[Black "Alligator427"]
[Result "0-1"]
[WhiteElo "2080"]
[BlackElo "2245"]

1. e4 d5 2. exd5 Qxd5 3. Nc3 Qa5 4. d3 Nf6 5. Bd2 c6 6. Be2 Bf5 7. Nf3 e6 8. O-O
Nbd7 9. a3 Bd6 10. Ne4 Qc7 11. Nxd6+ Qxd6 12. Nh4 Bg6 13. Qc1 Bh5 14. Bxh5 Nxh5
15. Re1 O-O 16. Nf3 Rae8 17. b4 e5 18. h3 f5 19. Nh2 Ndf6 20. Be3 b6 21. Bd2 Nd5
22. Nf1 Qg6 23. Kh2 Nhf4 24. Bxf4 Nxf4 25. g3 Nd5 26. c4 Nc7 27. Qc3 e4 28. dxe4
fxe4 29. Kg2 Rf3 30. Re3 Ref8 31. Ra2 Ne6 32. Rxf3 Rxf3 33. Qe5 Nf4+ 34. Kh2 Nd3
35. Qd4 h5 36. h4 Qf5 37. Kg2 Ne1+ 38. Kh1 Qh3+ 0-1